| 000 | 00678nam a2200229 a 4500 | ||
|---|---|---|---|
| 005 | 20210219153342.0 | ||
| 008 | 991125n 000 0 u | ||
| 035 | _aUPN01000093204 | ||
| 100 | _aValery-Gold, Maria | ||
| 222 | _aJOURNAL OF READING | ||
| 245 | _aPortfolios : collaborative authentic assessment opportunities for college developmental learners | ||
| 300 | _a298-305 | ||
| 362 | _a35, No. 4, 1991 | ||
| 505 | _aAbril 1992 | ||
| 653 | 0 | _aEVALUACION DEL ESTUDIANTE | |
| 653 | 0 | _aLECTURA TERAPEUTICA | |
| 653 | 0 | _aPORTFOLIOS (BACKGROUND MATERIALS) | |
| 700 | _aOlson, James R. | ||
| 700 | _aDeming, Mary P. | ||
| 904 |
_aAC _b031015 |
||
| 905 | _aArticulo | ||
| 999 |
_c74606 _d74606 |
||